Učitavanje...
Health status of urban working women in Kerala:acase study of Thrissur district.
| Glavni autor: | |
|---|---|
| Jezik: | English |
| Izdano: |
2004
|
| Teme: |
| LEADER | 00386 a2200133 4500 | ||
|---|---|---|---|
| 008 | 100208b ||||| |||| 00| 0 eng d | ||
| 999 | |c 318179 |d 318179 | ||
| 082 | |a 362.1 BAB/HE | ||
| 100 | |a Baby,K A | ||
| 245 | |a Health status of urban working women in Kerala:acase study of Thrissur district. | ||
| 260 | |c 2004 | ||
| 500 | |a PhD-Thesis | ||
| 650 | |a health status-urban working women-Kerala. | ||
| 942 | |c BK | ||